<?xml version="1.0" encoding="UTF-8"?>
<record
    xmlns:xsi="http://www.w3.org/2001/XMLSchema-instance"
    xsi:schemaLocation="http://www.loc.gov/MARC21/slim http://www.loc.gov/standards/marcxml/schema/MARC21slim.xsd"
    xmlns="http://www.loc.gov/MARC21/slim">

  <leader>02081nam a22003977a 4500</leader>
  <controlfield tag="005">20170630020002.0</controlfield>
  <controlfield tag="008">170209b        ck ||||| |||| 00| 0 spa d</controlfield>
  <datafield tag="040" ind1=" " ind2=" ">
    <subfield code="a">CoBoIAvH</subfield>
    <subfield code="c">CoBoIAvH</subfield>
  </datafield>
  <datafield tag="041" ind1=" " ind2=" ">
    <subfield code="a">spa</subfield>
  </datafield>
  <datafield tag="090" ind1=" " ind2=" ">
    <subfield code="a">MM-</subfield>
    <subfield code="b">00384</subfield>
  </datafield>
  <datafield tag="111" ind1="1" ind2=" ">
    <subfield code="a">Encuentro Nacional de Actualizaci&#xF3;n e Intercambio de Experiencias y Conocimientos en Incendios Forestales.  (</subfield>
    <subfield code="c">Bogot&#xE1;, </subfield>
    <subfield code="d">4 y 5 de diciembre de 2008)</subfield>
  </datafield>
  <datafield tag="245" ind1="1" ind2="0">
    <subfield code="a">Memorias del Encuentro Nacional de Actualizaci&#xF3;n e Intercambio de Experiencias y Conocimientos en Incendios Forestales.  </subfield>
  </datafield>
  <datafield tag="260" ind1=" " ind2=" ">
    <subfield code="a">Bogot&#xE1;:</subfield>
    <subfield code="b">Conif; </subfield>
    <subfield code="b">Ministerio de Ambiente, Vivienda y Desarrollo Territorial, </subfield>
    <subfield code="c">2008.</subfield>
  </datafield>
  <datafield tag="300" ind1=" " ind2=" ">
    <subfield code="a">1 CD-Rom</subfield>
  </datafield>
  <datafield tag="505" ind1=" " ind2=" ">
    <subfield code="a">CAR -- experiencias incendios forestales</subfield>
  </datafield>
  <datafield tag="505" ind1=" " ind2=" ">
    <subfield code="a">Cuerpo de Bomberos de Cali -- experiencias incendios forestales</subfield>
  </datafield>
  <datafield tag="505" ind1=" " ind2=" ">
    <subfield code="a">Cuerpo de Bomberos de Bogot&#xE1;-- experiencias incendios forestales</subfield>
  </datafield>
  <datafield tag="505" ind1=" " ind2=" ">
    <subfield code="a">Cuerpo de Bomberos de Bogot&#xE1;-- experiencias incendios forestales</subfield>
  </datafield>
  <datafield tag="505" ind1=" " ind2=" ">
    <subfield code="a">Conif-- experiencias incendios forestales</subfield>
  </datafield>
  <datafield tag="505" ind1=" " ind2=" ">
    <subfield code="a">Corantioquia-- experiencias incendios forestales</subfield>
  </datafield>
  <datafield tag="505" ind1=" " ind2=" ">
    <subfield code="a">Cormacarena-- experiencias incendios forestales</subfield>
  </datafield>
  <datafield tag="505" ind1=" " ind2=" ">
    <subfield code="a">Corpoboyac&#xE1;-- experiencias incendios forestales</subfield>
  </datafield>
  <datafield tag="505" ind1=" " ind2=" ">
    <subfield code="a">Cruz Roja-- experiencias incendios forestales</subfield>
  </datafield>
  <datafield tag="505" ind1=" " ind2=" ">
    <subfield code="a">CVC -- experiencias incendios forestales</subfield>
  </datafield>
  <datafield tag="505" ind1=" " ind2=" ">
    <subfield code="a">Defensa Civil Colombiana -- experiencias incendios forestales</subfield>
  </datafield>
  <datafield tag="505" ind1=" " ind2=" ">
    <subfield code="a">Defensa Civil Colombiana -- experiencias incendios forestales</subfield>
  </datafield>
  <datafield tag="505" ind1=" " ind2=" ">
    <subfield code="a">Fuerza A&#xE9;rea Colombiana -- experiencias incendios forestales</subfield>
  </datafield>
  <datafield tag="505" ind1=" " ind2=" ">
    <subfield code="a">Ideam -- experiencias incendios forestales</subfield>
  </datafield>
  <datafield tag="505" ind1=" " ind2=" ">
    <subfield code="a">MAVT -- experiencias incendios forestales</subfield>
  </datafield>
  <datafield tag="505" ind1=" " ind2=" ">
    <subfield code="a">Parques Nacionales Naturales -- experiencias incendios forestales</subfield>
  </datafield>
  <datafield tag="505" ind1=" " ind2=" ">
    <subfield code="a">Universidad Aut&#xF3;noma de Occidente -- experiencias incendios forestales</subfield>
  </datafield>
  <datafield tag="505" ind1=" " ind2=" ">
    <subfield code="a">Universidad Distrital Francisco Jos&#xE9; de Caldas -- experiencias incendios forestales</subfield>
  </datafield>
  <datafield tag="516" ind1=" " ind2=" ">
    <subfield code="a">Documentos ppt</subfield>
  </datafield>
  <datafield tag="650" ind1="1" ind2=" ">
    <subfield code="a">Incendios forestales</subfield>
    <subfield code="x">experiencias</subfield>
    <subfield code="z">Colombia</subfield>
  </datafield>
  <datafield tag="942" ind1=" " ind2=" ">
    <subfield code="2">z</subfield>
    <subfield code="c">CD-ROM</subfield>
    <subfield code="0">5</subfield>
  </datafield>
  <datafield tag="999" ind1=" " ind2=" ">
    <subfield code="c">19318</subfield>
    <subfield code="d">19318</subfield>
  </datafield>
  <datafield tag="952" ind1=" " ind2=" ">
    <subfield code="0">0</subfield>
    <subfield code="1">0</subfield>
    <subfield code="2">z</subfield>
    <subfield code="4">0</subfield>
    <subfield code="7">0</subfield>
    <subfield code="8">RECUREL</subfield>
    <subfield code="a">Bogota</subfield>
    <subfield code="b">Bogota</subfield>
    <subfield code="d">2017-02-09</subfield>
    <subfield code="l">5</subfield>
    <subfield code="o">MM-00384</subfield>
    <subfield code="p">042448</subfield>
    <subfield code="r">2017-07-13 00:00:00</subfield>
    <subfield code="s">2017-06-29</subfield>
    <subfield code="t">Ej. 1</subfield>
    <subfield code="w">2017-02-09</subfield>
    <subfield code="x">Canje</subfield>
    <subfield code="y">CD-ROM</subfield>
  </datafield>
</record>
